Interpretation of statutes

Saved in:
书目详细资料
主要作者: Sarathi Vepa P.
格式: 图书
出版: Lucknow: Eastern book company, c2005.
版:4th ed.
主题:
标签: 添加标签
没有标签, 成为第一个标记此记录!

MARC

LEADER 00000nam a22000007a 4500
005 20260415092013.0
020 |a 8170128609  |c TZS 11,276.50/= 
040 |a MCCL  |b eng.  |e AACR 2nd rev. ed. 
082 |a 348.02 SAR 
100 |a Sarathi Vepa P. 
245 |a Interpretation of statutes   |c /Vepa P. Sarathi 
250 |a 4th ed. 
260 |a Lucknow:  |b Eastern book company,  |c c2005. 
300 |a lx,776P.:  |c 24 cm. 
546 |a eng. 
650 |a statute 
650 |a Interpretation  
942 |c BK 
999 |c 12633  |d 12633